Lana Del Rey - Freak Lyrics - Statistics

General Stats
  • This quiz has been taken 109 times
  • The average score is 273 of 340
Answer Stats
Answer % Correct
a
99%
like
99%
freak
97%
me
97%
to
97%
To
97%
Be
96%
I
96%
you
96%
do
94%
California
93%
too
93%
an
92%
come
92%
the
92%
your
90%
Your
90%
Baby
89%
baby
89%
so
89%
So
89%
when
89%
blue
88%
(blue
88%
blue)
88%
in
86%
that
86%
turn
86%
wanna
86%
all
85%
dance
85%
hot
85%
If
85%
if
85%
it
85%
It
85%
leave
85%
music
85%
need
85%
feel
83%
is
83%
We
83%
we
83%
Flames
82%
loving
82%
slow
82%
they
82%
while
82%
You're
82%
you're
82%
could
81%
for
81%
kiss
81%
rock
81%
I'm
78%
Screw
78%
way
78%
eyes
76%
with
76%
both
75%
Talk
75%
'til
75%
as
72%
La
72%
Oh
72%
oh
72%
forever
71%
last
71%
make
71%
ah
69%
Ah
69%
anonymity
69%
cold
69%
easy
69%
endless
69%
ice
69%
It's
69%
summer
69%
That's
69%
But
68%
Life
68%
reflecting
68%
and
67%
And
67%
fire
67%
moment
67%
rider
67%
this
67%
up
67%
don't
65%
motion
65%
take
65%
every
64%
I'll
64%
My
64%
my
64%
by
63%
let's
63%
makes
63%
nice
63%
ocean
63%
stay
63%
amazing
61%
of
61%
Palms
61%
sense
61%
told
61%
stranger
58%
fight
57%
rising
57%
than
57%
time
57%
seems
56%
still
56%
I'd
54%
full
51%
love's
51%
Love's
51%
back
50%
stood
50%
Leather
49%
Looking
49%
past
49%
(yeah)
49%
Tear
47%
tear
47%
black
42%
Sun
39%
halo's
38%
Hmm
13%
hmm
13%
mmm
13%
No matching quizzes found
Score Distribution
Percent of People with Each Score
Percentile by Number Answered
Your Score History
You have not taken this quiz